000
00262nam a22001097a 4500
082
_a
954.91 IKR'P
100
_a
IKRAM, AZAM
_9
77012
245
_a
PAKISTAN YESTERDAY TODAY AND TOMORROW
260
_a
LAHORE
_b
STUDENT SERVICE
_c
1976
300
_a
436P
942
_c
BK
999
_c
582330
_d
582330